000 00524nam a2200169 i 4500
001 104330
003 ES-MaACL
005 20230906183554.0
007 t|
008 051128s1970 sp ||||1| spa d
100 1 _aMilsant, Francis.
_981299
245 1 0 _aProblemas de electrónica y sus soluciones.
_n1,
_pCircuitos en regimen variable /
_cpor Francis Milsant...
260 _aBarcelona :
_bEta,
_c1970.
300 _a232 p. :
_bil. ;
_c24 cm.
650 4 _aElectrónica.
_912165
852 _aES-MaACL
_jP-1379
_bR.73961
999 _c104330
_d104330